Catálogo
 En Linea

Traslucir sobre la familia y crianza : (Registro nro. 46974)

Detalles MARC
000 -CABECERA
campo de control de longitud fija 01531nam a2200265 a 4500
001 - NÚMERO DE CONTROL
campo de control 000047486
003 - IDENTIFICADOR DEL NÚMERO DE CONTROL
campo de control DO-SdBNP
005 - FECHA Y HORA DE LA ÚLTIMA TRANSACCIÓN
campo de control 20230302111052.0
007 - CAMPO FIJO DE DESCRIPCIÓN FÍSICA--INFORMACIÓN GENERAL
campo de control de longitud fija ta
008 - DATOS DE LONGITUD FIJA--INFORMACIÓN GENERAL
campo de control de longitud fija 180606s2017 dr r 000 0 spa d
020 ## - NÚMERO INTERNACIONAL ESTÁNDAR DEL LIBRO
Número Internacional Estándar del Libro 9789945131949
040 ## - FUENTE DE LA CATALOGACIÓN
Centro catalogador/agencia de origen DO-SdBNP
Lengua de catalogación spa
Centro/agencia transcriptor BNPHU
082 ## - NÚMERO DE LA CLASIFICACIÓN DECIMAL DEWEY
Número de clasificación xxxx
Número de documento/Ítem P349t
Número de edición 22
100 1# - ENTRADA PRINCIPAL--NOMBRE DE PERSONA
Nombre de persona Peña Cepeda, Porfirio,
Fechas asociadas al nombre 1948-
9 (RLIN) 75105
245 10 - MENCIÓN DE TÍTULO
Título Traslucir sobre la familia y crianza :
Resto del título un libro de consultas y orientaciones desde el embarazo /
Mención de responsabilidad, etc. Porfirio Peña Cepeda ; prólogo César Mella.
260 ## - PUBLICACIÓN, DISTRIBUCIÓN, ETC.
Lugar de publicación, distribución, etc. Santo Domingo :
Nombre del editor, distribuidor, etc. Mediabyte,
Fecha de publicación, distribución, etc. 2017.
300 ## - DESCRIPCIÓN FÍSICA
Extensión 324 p. ;
Dimensiones 24 cm.
500 ## - NOTA GENERAL
Nota general Incluye datos biografícos del autor en las solapas.
504 ## - NOTA DE BIBLIOGRAFÍA, ETC.
Nota de bibliografía, etc. Bibliografía : p. 321-324
505 1# - NOTA DE CONTENIDO CON FORMATO
Título Agradecimientos --
-- presentación --
-- Introducción --
-- Prólogo --
-- Preámbulo --
Información miscelánea Orientación familiar- A --
Título La sinceridad y la serenidad- La Humildad --
Información miscelánea Orientación familiar- B --
Título La riqueza y los ricos- La Responsabilidad --
Información miscelánea Orientación familiar- C --
Título Valores y principios que debe poseer cada padre --
Información miscelánea Capítulo I --
Título La familia --
Información miscelánea Capítulo II --
Título El embarazo --
Información miscelánea Capítulo III --
Título Los recién nacídos --
Información miscelánea Capítulo IV --
Título Niños en proceso de formación, edúcales poco a poco con sumo cuidado hasta los siete (7) meses --
Información miscelánea Capítulo V --
Título Felicidad, amor y valores --
Información miscelánea Capítulo VI --
Título Crianza y formación familiar --
Información miscelánea Capítulo VII --
Título Crianza y educación --
590 ## - NOTA LOCAL (RLIN)
Nota local Inventariado, 2018/ YL
700 1# - PUNTO DE ACCESO ADICIONAL--NOMBRE DE PERSONA
Nombre de persona Mella, César
Término indicativo de función/relación prol.
9 (RLIN) 11674
910 ## - DATOS DE OPCIÓN DEL USUARIO (OCLC)
Datos de opción del usuario YL
942 ## - ELEMENTOS DE PUNTO DE ACCESO ADICIONAL (KOHA)
Fuente del sistema de clasificación o colocación Dewey Decimal Classification
Tipo de ítem Koha Libro
Existencias
Estado de retiro Estado de pérdida Restricciones de uso No para préstamo Código de colección Localización permanente Ubicación/localización actual Ubicación en estantería Fecha de adquisición Número de inventario Total de préstamos Signatura topográfica completa Código de barras Fecha visto por última vez Número de copia Precio válido a partir de Tipo de ítem Koha Fuente del sistema de clasificación o colocación
    Préstamo en sala   Dominicana de Servicio Biblioteca Nacional Pedro Henríquez Ureña Biblioteca Nacional Pedro Henríquez Ureña En catalogación 02.03.2023     xxxx P349t 2023-1133 02.03.2023 e.5 02.03.2023 Libro Dewey Decimal Classification
        Dominicana de Servicio General General Depósito 12.03.2020 LF1   xxxx P349t 47486-30 25.06.2020 e.3 25.06.2020 Libro y Folleto Colección Dominicana de Servicio  
        Dominicana de Servicio General General Depósito 12.03.2020 LF1   xxxx P349t 47486-40 25.06.2020 e.4 25.06.2020 Libro y Folleto Colección Dominicana de Servicio  
      Excluido de préstamo Patrimonio Dominicano Patrimonio Dominicano Patrimonio Dominicano Depósito 06.06.2018 LF1   xxxx P349t 47486-10 25.06.2020   25.06.2020 Libro y Folleto Colección Patrimonio Dominicano  
      Excluido de préstamo Patrimonio Dominicano Patrimonio Dominicano Patrimonio Dominicano Depósito 12.03.2020 LF1   xxxx P349t 47486-20 25.06.2020 e.2 25.06.2020 Libro y Folleto Colección Patrimonio Dominicano  

Con tecnología Koha